000 00381nam a22001697a 4500
005 20160628143958.0
008 160628b xxu||||| |||| 00| 0 eng d
020 _a978-81-7992-9
041 _aeng
082 _b10600
100 _aHowking, Stephen
_93076
245 _aThe theory of every thing
260 _bJaico
300 _a124
650 _aManagement
_9241
942 _cBK
999 _c4465
_d4464